000 00675nam a22002890a 4500
001 PT13906
003 AR-LpoUNG
005 20210131232609.0
008 191001s1997||||ag |||||||||||||||||spa d
037 _c$3.92
040 _aAR-LpoUNG
_bspa
_cAR-LpoUNG
_eaacr
041 _aspa
044 _aag
082 0 _a372.004 7 185ta
100 1 _aPampillo, Gloria
245 1 3 _aEl taller de escritura
250 _a6º ed.
260 _aBuenos Aires :
_bPlus Ultra,
_c1997.
300 _a115 p. :
_btbls.
650 4 _aAPRENDIZAJE
650 4 _aEDUCACION
650 4 _aENSEÑANZA
650 4 _aESCRITURA
650 4 _aLENGUAS
905 _a13906
942 _cLIB
999 _c16455
_d16455